[Event "SC-2019-0-00378"]
[Site "LSS email"]
[Date "2019.09.17"]
[Round "?"]
[White "Hoppe, Ronald"]
[Black "Wittlieb, Friedhelm"]
[Result "0-1"]
[WhiteElo "1834"]
[BlackElo "1772"]
[PlyCount "28"]
[EventDate "2019.07.06"]
[EventType "tourn (corr)"]
[EventRounds "6"]
[EventCountry "GER"]
[SourceTitle "Corr 2022"]
[Source "ChessBase"]
[SourceDate "2021.10.24"]
[SourceVersion "1"]
[SourceVersionDate "2021.10.24"]
[SourceQuality "1"]

1. Nf3 d5 2. d4 Nf6 3. Bf4 Bf5 4. c4 e6 5. Nc3 Bb4 6. Qa4+ Nc6 7. Ne5 Rb8 8. a3 Bxc3+ 9. bxc3 0-0 10. e3 Nh5 11. Be2 Nxf4 12. exf4 Nxe5 13. fxe5 Qg5 14. g3 Be4 0-1

[Event "SC-2019-0-00378"]
[Site "LSS email"]
[Date "2019.09.17"]
[Round "?"]
[White "Linart, Ludvik"]
[Black "Hoppe, Ronald"]
[Result "1-0"]
[WhiteElo "1754"]
[BlackElo "1834"]
[PlyCount "35"]
[EventDate "2019.07.06"]
[EventType "tourn (corr)"]
[EventRounds "6"]
[EventCountry "GER"]
[SourceTitle "Corr 2022"]
[Source "ChessBase"]
[SourceDate "2021.10.24"]
[SourceVersion "1"]
[SourceVersionDate "2021.10.24"]
[SourceQuality "1"]

1. d4 d5 2. Nf3 Nf6 3. c4 c6 4. e3 Bg4 5. Nc3 e6 6. Bd3 Nbd7 7. 0-0 Qb6 8. c5 Qc7 9. h3 Bh5 10. b4 e5 11. e4 exd4 12. exd5 Bxc5 13. bxc5 dxc3 14. dxc6 Qxc6 15. Qe1+ Qe6 16. Nd4 Qxe1 17. Rxe1+ Kd8 18. c6 1-0

[Event "SC-2019-0-00370"]
[Site "LSS email"]
[Date "2019.03.30"]
[Round "?"]
[White "Hoppe, Ronald"]
[Black "Debonis, Patrick"]
[Result "1/2-1/2"]
[WhiteElo "1900"]
[BlackElo "1920"]
[PlyCount "29"]
[EventDate "2019.01.16"]
[EventType "tourn (corr)"]
[EventRounds "6"]
[EventCountry "GER"]
[SourceTitle "Corr 2022"]
[Source "ChessBase"]
[SourceDate "2021.10.24"]
[SourceVersion "1"]
[SourceVersionDate "2021.10.24"]
[SourceQuality "1"]

1. d4 Nf6 2. Nf3 e6 3. Bg5 c5 4. e3 Qb6 5. Qc1 Nc6 6. c3 d5 7. Nbd2 cxd4 8. exd4 e5 9. dxe5 Ng4 10. Nd4 Nxd4 11. cxd4 f6 12. exf6 gxf6 13. Bh4 Bf5 14. Be2 Rc8 15. Qd1 1/2-1/2

[Event "SC-2019-0-00367"]
[Site "LSS email"]
[Date "2019.02.09"]
[Round "?"]
[White "Hoppe, Ronald"]
[Black "Laudati, Lelio"]
[Result "1/2-1/2"]
[WhiteElo "1900"]
[BlackElo "1670"]
[PlyCount "39"]
[EventDate "2018.11.19"]
[EventType "tourn (corr)"]
[EventRounds "6"]
[EventCountry "GER"]
[SourceTitle "Corr 2022"]
[Source "ChessBase"]
[SourceDate "2021.10.24"]
[SourceVersion "1"]
[SourceVersionDate "2021.10.24"]
[SourceQuality "1"]

1. Nf3 d5 2. d4 Nf6 3. c3 e6 4. Bg5 c5 5. Nbd2 Nc6 6. e3 h6 7. Bxf6 Qxf6 8. Bd3 c4 9. Bc2 Qd8 10. 0-0 b5 11. e4 Bd6 12. exd5 exd5 13. Re1+ Ne7 14. Ne5 0-0 15. a3 a5 16. g3 Bxe5 17. Rxe5 Be6 18. f4 Qd7 19. Qe2 Rae8 20. Re1 1/2-1/2

[Event "SC-2019-0-00367"]
[Site "LSS email"]
[Date "2019.02.08"]
[Round "?"]
[White "Hoppe, Ronald"]
[Black "Madrid Sole, Antonio"]
[Result "1/2-1/2"]
[WhiteElo "1900"]
[BlackElo "1799"]
[PlyCount "30"]
[EventDate "2018.11.19"]
[EventType "tourn (corr)"]
[EventRounds "6"]
[EventCountry "GER"]
[SourceTitle "Corr 2022"]
[Source "ChessBase"]
[SourceDate "2021.10.24"]
[SourceVersion "1"]
[SourceVersionDate "2021.10.24"]
[SourceQuality "1"]

1. Nf3 Nf6 2. c4 e6 3. d4 b6 4. Bg5 Bb7 5. e3 h6 6. Bh4 Bb4+ 7. Nfd2 0-0 8. a3 Be7 9. Nc3 d5 10. cxd5 Nxd5 11. Bxe7 Qxe7 12. Nxd5 Bxd5 13. Bc4 Bb7 14. 0-0 Nd7 15. Be2 c5 1/2-1/2

[Event "SC-2019-0-00367"]
[Site "LSS email"]
[Date "2019.02.07"]
[Round "?"]
[White "Quirk, Michael"]
[Black "Hoppe, Ronald"]
[Result "1/2-1/2"]
[WhiteElo "1837"]
[BlackElo "1900"]
[PlyCount "92"]
[EventDate "2018.11.19"]
[EventType "tourn (corr)"]
[EventRounds "6"]
[EventCountry "GER"]
[SourceTitle "Corr 2022"]
[Source "ChessBase"]
[SourceDate "2021.10.24"]
[SourceVersion "1"]
[SourceVersionDate "2021.10.24"]
[SourceQuality "1"]

1. e4 c6 2. d4 d5 3. Nc3 dxe4 4. Nxe4 Nd7 5. Ng5 Ngf6 6. Bd3 e6 7. N1f3 h6 8. Nxe6 fxe6 9. Bg6+ Ke7 10. 0-0 Qc7 11. Re1 Kd8 12. c4 Bb4 13. Bd2 Bxd2 14. Qxd2 Nf8 15. Bd3 Bd7 16. Ne5 Be8 17. c5 Ke7 18. Rac1 N8d7 19. Nc4 Bf7 20. Qe2 Nd5 21. Nd6 N7f6 22. Bc4 Rhd8 23. Bxd5 Nxd5 24. Qe5 Kf8 25. Rcd1 Kg8 26. Rd3 Qe7 27. Rf3 Rf8 28. h3 Kh8 29. Rg3 Bg8 30. Re4 Qf6 31. Qxf6 Nxf6 32. Re2 b5 33. a4 Nh5 34. Ra3 Nf4 35. Rd2 a6 36. Re3 Nd5 37. Ra3 Ne7 38. g4 g5 39. Kg2 Kg7 40. Kg3 Ng6 41. b4 Nf4 42. h4 gxh4+ 43. Kxh4 Nd5 44. Rb2 bxa4 45. Nc4 Rf4 46. Ne5 Bf7 1/2-1/2

[Event "SC-2019-0-00367"]
[Site "LSS email"]
[Date "2019.02.07"]
[Round "?"]
[White "Reyes Sablon, Alberto"]
[Black "Hoppe, Ronald"]
[Result "1-0"]
[WhiteElo "1736"]
[BlackElo "1900"]
[PlyCount "79"]
[EventDate "2018.11.19"]
[EventType "tourn (corr)"]
[EventRounds "6"]
[EventCountry "GER"]
[SourceTitle "Corr 2022"]
[Source "ChessBase"]
[SourceDate "2021.10.24"]
[SourceVersion "1"]
[SourceVersionDate "2021.10.24"]
[SourceQuality "1"]

1. d4 c6 2. Nf3 Nf6 3. c4 d5 4. e3 e6 5. Bd3 Nbd7 6. b3 b6 7. Bb2 Bb7 8. Nbd2 Bd6 9. 0-0 0-0 10. Re1 c5 11. e4 Nxe4 12. Nxe4 dxe4 13. Bxe4 Bxe4 14. Rxe4 Nf6 15. Rh4 Rc8 16. Qc2 h6 17. Rd1 Qe7 18. h3 cxd4 19. Rhxd4 Bc5 20. R4d3 Rfd8 21. Ne5 Rxd3 22. Qxd3 Ne8 23. g3 f6 24. Ng6 Qf7 25. h4 Rc6 26. Qf3 Qxg6 27. Qxc6 Qxg3+ 28. Qg2 Qxh4 29. Rd8 Kf8 30. Qf3 Ke7 31. Ra8 a5 32. Be5 Kf7 33. Bg3 Qg5 34. Kf1 Nd6 35. Ra7+ Kg8 36. Bxd6 Bxd6 37. Qe4 Qf5 38. Qxf5 exf5 39. Rb7 Bc5 40. a3 1-0

[Event "SC-2019-0-00366"]
[Site "LSS email"]
[Date "2019.01.16"]
[Round "?"]
[White "Hoppe, Ronald"]
[Black "Debonis, Patrick"]
[Result "1/2-1/2"]
[WhiteElo "1900"]
[BlackElo "1887"]
[PlyCount "35"]
[EventDate "2018.11.08"]
[EventType "tourn (corr)"]
[EventRounds "6"]
[EventCountry "GER"]
[SourceTitle "Corr 2022"]
[Source "ChessBase"]
[SourceDate "2021.10.24"]
[SourceVersion "1"]
[SourceVersionDate "2021.10.24"]
[SourceQuality "1"]

1. d4 Nf6 2. Nf3 e6 3. c4 b6 4. a3 Bb7 5. Nc3 d5 6. cxd5 Nxd5 7. Qc2 Nxc3 8. Qxc3 h6 9. g3 Nd7 10. Bg2 Bd6 11. 0-0 0-0 12. b4 Nf6 13. Ne5 Bxg2 14. Kxg2 c5 15. dxc5 bxc5 16. Bb2 Qb8 17. bxc5 Nd5 18. Nc6 1/2-1/2

[Event "CP-2017-P-00025"]
[Site "LSS email"]
[Date "2017.09.27"]
[Round "?"]
[White "Hoppe, Ronald"]
[Black "Navarro Segura, Roberto"]
[Result "0-1"]
[WhiteElo "1964"]
[BlackElo "1391"]
[PlyCount "20"]
[EventDate "2017.10.01"]
[EventType "tourn (corr)"]
[EventRounds "6"]
[EventCountry "GER"]
[SourceTitle "Corr 2022"]
[Source "ChessBase"]
[SourceDate "2021.10.24"]
[SourceVersion "1"]
[SourceVersionDate "2021.10.24"]
[SourceQuality "1"]

1. Nf3 Nf6 2. d4 d5 3. c4 e6 4. Nc3 Be7 5. Bf4 0-0 6. e3 a6 7. cxd5 Nxd5 8. Nxd5 exd5 9. Rc1 Bb4+ 10. Nd2 c6 0-1

[Event "CP-2017-P-00025"]
[Site "LSS email"]
[Date "2017.09.27"]
[Round "?"]
[White "Hoppe, Ronald"]
[Black "Pech, Jaroslav Sr"]
[Result "0-1"]
[WhiteElo "1964"]
[BlackElo "1667"]
[PlyCount "20"]
[EventDate "2017.10.01"]
[EventType "tourn (corr)"]
[EventRounds "6"]
[EventCountry "GER"]
[SourceTitle "Corr 2022"]
[Source "ChessBase"]
[SourceDate "2021.10.24"]
[SourceVersion "1"]
[SourceVersionDate "2021.10.24"]
[SourceQuality "1"]

1. Nf3 Nf6 2. d4 g6 3. c4 Bg7 4. Nc3 d6 5. b3 0-0 6. e3 c5 7. Bb2 cxd4 8. Nxd4 Nc6 9. Be2 Nxd4 10. exd4 d5 0-1

[Event "GER HS-231 email"]
[Site "GER email"]
[Date "2017.08.29"]
[Round "?"]
[White "Hoppe, Ronald"]
[Black "Preussner, Michael"]
[Result "0-1"]
[WhiteElo "1895"]
[BlackElo "1847"]
[PlyCount "28"]
[EventDate "2017.09.04"]
[EventType "tourn (corr)"]
[EventRounds "6"]
[EventCountry "GER"]
[SourceTitle "Corr 2022"]
[Source "ChessBase"]
[SourceDate "2021.10.24"]
[SourceVersion "1"]
[SourceVersionDate "2021.10.24"]
[SourceQuality "1"]

1. Nf3 d5 2. d4 Nf6 3. c4 c6 4. Nc3 dxc4 5. a4 e6 6. e3 c5 7. Bxc4 cxd4 8. Nxd4 a6 9. 0-0 Bd6 10. b3 0-0 11. Bb2 e5 12. Nf3 Qe7 13. Ng5 Nc6 14. Nce4 Nxe4 0-1

[Event "SB-2017-0-00502"]
[Site "LSS email"]
[Date "2017.06.30"]
[Round "?"]
[White "Hoppe, Ronald"]
[Black "Egorov, Vladimir Al"]
[Result "0-1"]
[WhiteElo "1962"]
[BlackElo "2057"]
[PlyCount "72"]
[EventDate "2017.05.12"]
[EventType "tourn (corr)"]
[EventRounds "6"]
[EventCountry "GER"]
[SourceTitle "Corr 2022"]
[Source "ChessBase"]
[SourceDate "2021.10.24"]
[SourceVersion "1"]
[SourceVersionDate "2021.10.24"]
[SourceQuality "1"]

1. d4 e6 2. c4 f5 3. Nc3 b6 4. Nf3 Nf6 5. Bg5 Bb7 6. e3 Bb4 7. Bd3 h6 8. Bh4 0-0 9. a3 Bxc3+ 10. bxc3 Qe7 11. 0-0 d6 12. Nd2 c5 13. f3 Nc6 14. Nb3 g5 15. Bg3 h5 16. h4 g4 17. e4 gxf3 18. gxf3 fxe4 19. Bxe4 Qg7 20. Kh2 Nxe4 21. fxe4 Rxf1 22. Qxf1 e5 23. Qf5 Bc8 24. Qxh5 Bg4 25. Qg5 Qxg5 26. hxg5 Rf8 27. d5 Nd8 28. Nd2 Kg7 29. Kg2 Kg6 30. Rh1 Bh5 31. Bh4 Be2 32. Bg3 Bh5 33. Bh4 Nb7 34. Rh2 Rf7 35. Bf2 Kxg5 36. Kf1 Rg7 0-1

[Event "SA-2017-0-00569"]
[Site "LSS email"]
[Date "2017.03.16"]
[Round "?"]
[White "Hoppe, Ronald"]
[Black "Celan, Melissa"]
[Result "1/2-1/2"]
[WhiteElo "2100"]
[BlackElo "2096"]
[PlyCount "43"]
[EventDate "2017.02.06"]
[EventType "tourn (corr)"]
[EventRounds "6"]
[EventCountry "GER"]
[SourceTitle "Corr 2022"]
[Source "ChessBase"]
[SourceDate "2021.10.24"]
[SourceVersion "1"]
[SourceVersionDate "2021.10.24"]
[SourceQuality "1"]

1. d4 d5 2. Nf3 Nf6 3. c4 c6 4. e3 Bg4 5. Nbd2 e6 6. Bd3 Nbd7 7. 0-0 Be7 8. h3 Bh5 9. b3 0-0 10. Qc2 c5 11. Bb2 Rc8 12. Rac1 cxd4 13. exd4 dxc4 14. bxc4 b5 15. c5 Bg6 16. Bxg6 hxg6 17. Ne4 Nxe4 18. Qxe4 b4 19. a3 Nf6 20. Qc2 a5 21. axb4 axb4 22. Ra1 1/2-1/2

[Event "OP-2017-0-04250"]
[Site "LSS email"]
[Date "2017.01.06"]
[Round "?"]
[White "Hoppe, Ronald"]
[Black "Ilyin, Igor"]
[Result "0-1"]
[WhiteElo "2100"]
[BlackElo "2091"]
[PlyCount "32"]
[EventDate "2016.12.31"]
[EventType "tourn (corr)"]
[EventRounds "4"]
[EventCountry "GER"]
[SourceTitle "Corr 2022"]
[Source "ChessBase"]
[SourceDate "2021.10.24"]
[SourceVersion "1"]
[SourceVersionDate "2021.10.24"]
[SourceQuality "1"]

1. Nf3 Nf6 2. d4 g6 3. c4 d5 4. Nc3 Bg7 5. Qb3 dxc4 6. Qxc4 0-0 7. e4 Na6 8. Qa4 c5 9. d5 Bd7 10. Bb5 Qe8 11. Bxd7 Qxd7 12. Qxd7 Nxd7 13. 0-0 c4 14. Be3 Nac5 15. Bd4 a6 16. Bxg7 Kxg7 0-1

[Event "OP-2017-0-04250"]
[Site "LSS email"]
[Date "2017.01.05"]
[Round "?"]
[White "Garcia, Javier"]
[Black "Hoppe, Ronald"]
[Result "0-1"]
[WhiteElo "762"]
[BlackElo "2100"]
[PlyCount "66"]
[EventDate "2016.12.31"]
[EventType "tourn (corr)"]
[EventRounds "4"]
[EventCountry "GER"]
[SourceTitle "Corr 2022"]
[Source "ChessBase"]
[SourceDate "2021.10.24"]
[SourceVersion "1"]
[SourceVersionDate "2021.10.24"]
[SourceQuality "1"]

1. e4 c6 2. Nf3 d5 3. exd5 cxd5 4. b3 Nc6 5. Bb5 Bg4 6. Bb2 a6 7. Bxc6+ bxc6 8. 0-0 Nf6 9. Re1 e6 10. d3 Bb4 11. Bc3 a5 12. a3 Bxc3 13. Nxc3 Qd6 14. Qe2 Nd7 15. a4 0-0 16. h3 Bxf3 17. Qxf3 Qc5 18. d4 Qxd4 19. Rad1 Qb6 20. Qe3 Qxe3 21. Rxe3 Rfd8 22. Ne2 e5 23. Ng3 g6 24. Rc3 Rac8 25. Rcd3 Nc5 26. R3d2 Kg7 27. c4 Nxb3 28. Rd3 Nc5 29. R3d2 d4 30. f3 Rb8 31. Ne4 Nxe4 32. fxe4 c5 33. Kf2 Rb4 0-1